Population and resources : (Record no. 118564)
[ view plain ]
| 000 -LEADER | |
|---|---|
| fixed length control field | 00909mam a2200265 a 4500 |
| 001 - CONTROL NUMBER | |
| control field | 1638798 |
| 003 - CONTROL NUMBER IDENTIFIER | |
| control field | ARRUPE |
| 005 - DATE AND TIME OF LATEST TRANSACTION | |
| control field | 20131107122531.0 |
| 008 - FIXED-LENGTH DATA ELEMENTS--GENERAL INFORMATION | |
| fixed length control field | 950502s1994 it d 000 0 eng d |
| 020 ## - INTERNATIONAL STANDARD BOOK NUMBER | |
| International Standard Book Number | 8834336364 (pbk.) |
| 035 ## - SYSTEM CONTROL NUMBER | |
| System control number | (OCoLC)ocm32409037 |
| 040 ## - CATALOGING SOURCE | |
| Original cataloging agency | SP1 |
| Transcribing agency | SP1 |
| 050 0# - LIBRARY OF CONGRESS CALL NUMBER | |
| Classification number | HB871 |
| Item number | .P66 1994 |
| 082 0# - DEWEY DECIMAL CLASSIFICATION NUMBER | |
| Classification number | 304.6 |
| Edition number | 19 |
| 300 ## - PHYSICAL DESCRIPTION | |
| Other physical details | ill., charts, tables ; |
| Dimensions | 24 cm. |
| 110 2# - MAIN ENTRY--CORPORATE NAME | |
| Corporate name or jurisdiction name as entry element | Pontificia Accademia delle scienze. |
| 9 (RLIN) | 3437 |
| 245 10 - TITLE STATEMENT | |
| Title | Population and resources : |
| Remainder of title | a report / |
| Statement of responsibility, etc | Pontificia Academia Scientiarum. |
| 250 ## - EDITION STATEMENT | |
| Edition statement | [Eng. ed.] |
| 260 ## - PUBLICATION, DISTRIBUTION, ETC. (IMPRINT) | |
| Place of publication, distribution, etc | Milano : |
| Name of publisher, distributor, etc | Vita e Pensiero, |
| Date of publication, distribution, etc | 1994. |
| 300 ## - PHYSICAL DESCRIPTION | |
| Extent | 75 p. : |
| 505 0# - FORMATTED CONTENTS NOTE | |
| Formatted contents note | Demographic trends -- Economic dynamics -- Natural resources and environment -- Cultural, social and religious factors -- A comprehensive view. |
| 650 #0 - SUBJECT ADDED ENTRY--TOPICAL TERM | |
| Topical term or geographic name as entry element | Population. |
| 9 (RLIN) | 3438 |
| 650 #0 - SUBJECT ADDED ENTRY--TOPICAL TERM | |
| Topical term or geographic name as entry element | Population |
| General subdivision | Economic aspects. |
| 9 (RLIN) | 3439 |
| 942 ## - ADDED ENTRY ELEMENTS (KOHA) | |
| Source of classification or shelving scheme | Library of Congress Classification |
| Koha item type | Monograph ( Printed materials) |
| Withdrawn status | Lost status | Source of classification or shelving scheme | Damaged status | Not for loan | Home library | Current library | Date acquired | Total Checkouts | Full call number | Barcode | Date last seen | Price effective from | Koha item type |
|---|---|---|---|---|---|---|---|---|---|---|---|---|---|
| Library of Congress Classification | ARRUPE LIBRARY | ARRUPE LIBRARY | 07/11/2013 | HB871 .P831 1994 | 46410851 | 23/04/2018 | 07/11/2013 | Monograph ( Printed materials) |